| 000 | 00718cam a2200229 4500500 | ||
|---|---|---|---|
| 005 | 20260405002944.0 | ||
| 041 | _afre | ||
| 042 | _adc | ||
| 100 | 1 | 0 |
_aLegros, Martin _eauthor |
| 245 | 0 | 0 | _aShoshana Zuboff : “Le capitalisme de surveillance transforme la vie en une matière malléable” |
| 260 | _c2019. | ||
| 500 | _a66 | ||
| 690 | _aCapitalisme | ||
| 690 | _aGafam | ||
| 690 | _aNumérique | ||
| 690 | _aShoshana Zuboff | ||
| 690 | _aSurveillance | ||
| 690 | _aTechnologie | ||
| 690 | _aVille | ||
| 786 | 0 | _nPhilosophie magazine | 133 | 10 | 2019-10-01 | p. 22-24 | 1951-1787 | |
| 856 | 4 | 1 | _uhttps://shs.cairn.info/magazine-philosophie-magazine-2019-10-page-22?lang=fr&redirect-ssocas=7080 |
| 999 |
_c2062916 _d2062916 |
||